| 000 | 02044nam0a2200385 4500 | ||
|---|---|---|---|
| 001 | RU\NLR\BIBL_A\022648079 | ||
| 005 | 20260420055053.0 | ||
| 010 |
_a978-5-235-05279-6 _93000 |
||
| 021 |
_aRU _bКН-П-25-054376 _9КН-П-25-5247 |
||
| 035 | _a(NLR Aleph) 022648079 | ||
| 090 |
_a13685607 _c13685607 |
||
| 100 | _a20251020d2025 u y0rusy50 ca | ||
| 101 | 0 | _arus | |
| 102 | _aRU | ||
| 105 | _aach|z|||000zb | ||
| 181 | 0 |
_ai3 _baxxe |
|
| 182 | 0 | _an | |
| 200 | 1 |
_aТаривердиев _fАнна Ветлугина, Дмитрий Максименко |
|
| 203 |
_aТекст _bвизуальный _cнепосредственный |
||
| 210 |
_aМосква _cМолодая гвардия _d2025 |
||
| 215 |
_a237, [2] с., [8] л. ил., портр. _cил., портр., факс. _d21 |
||
| 225 | 1 |
_aЖизнь замечательных людей _eсерия биографий _fоснована в 1890 году Ф. Павленковым и продолжена в 1933 году М. Горьким _vвып. 2284 (2084) |
|
| 225 | 1 |
_aЖизнь замечательных людей _eЖЗЛ |
|
| 300 | _aНа 4-й с. обл. авт.: Анна Ветлугина, органист, лауреат лит. премий, Дмитрий Максименко, врач, музыкант (органист) | ||
| 320 | _aБиблиогр.: с. 237-238 | ||
| 333 | _a16+ | ||
| 600 | 1 |
_aТаривердиев _bМ.Л. _f1931 - 1996 _gМикаэл Леонович _xБиография _92684534 _3RU\NLR\AUTH\6601762102 |
|
| 686 | 1 | _aЩ313(2Р=Рус)7-81Таривердиев | |
| 700 | 1 |
_aВетлугина _bА. М. _f1974- _gАнна Михайловна |
|
| 701 | 1 |
_aМаксименко _bД. М. _gДмитрий Михайлович |
|
| 702 | 1 |
_4280 _7ca _8rus _aТаривердиев _bМ. Л. _f1931-1996 _gМикаэл Леонович _92642622 _3RU\NLR\AUTH\770273494 |
|
| 942 | _cBOOK | ||
| 980 | _aNB | ||